000 00581cam a2200229 a 4500
003 OSt
005 20140310181911.0
008 980529s1997 oku b 000 0 eng d
020 _a0863473903
050 0 0 _aBS 483.5
_b.G577 1999
082 0 0 _aTR 220.5
_bG54 1999
245 0 0 _aGod's little devotional book :
_bfor teachers /
260 _aSurrey :
_bEagle,
_cc1999.
300 _a320 p.
_c18 cm.
521 _aFaculty
541 _j1
562 _e1
630 0 0 _aBible
_vMeditations.
650 0 _aLeadership.
710 2 _aHonor Books.
942 _2lcc
_cBK-TR
_kTR
999 _c6540
_d6540